[Event "2016 South Wales International"]
[Site "Cardiff"]
[Date "2016.07.07"]
[Round "1"]
[Board "1"]
[White "Morcom, Huw"]
[Black "Chatalbashev, Boris"]
[Result "0-1"]
[WhiteElo "1952"]
[BlackElo "2545"]
[PlyCount "0"]
[EventDate "2016.07.07"]
[EventRounds "10"]
[EventCountry "WLS"]

1. Nf3 {[%clk 1:30:51]} g6 {[%clk 1:30:55]} 2. e4 {[%clk 1:30:14]} Bg7
{[%clk 1:31:19]} 3. d4 {[%clk 1:29:27]} d6 {[%clk 1:31:43]} 4. Be2
{[%clk 1:27:41]} Nf6 {[%clk 1:31:55]} 5. Nbd2 {[%clk 1:27:19]} O-O
{[%clk 1:32:13]} 6. O-O {[%clk 1:26:05]} Nc6 {[%clk 1:32:05]} 7. d5
{[%clk 1:19:59]} Nb8 {[%clk 1:28:26]} 8. Re1 {[%clk 1:14:32]} c6 {[%clk 1:28:41]}
9. c4 {[%clk 1:13:23]} Nbd7 {[%clk 1:28:46]} 10. h3 {[%clk 1:08:22]} a5
{[%clk 1:28:05]} 11. Bf1 {[%clk 0:59:59]} Nc5 {[%clk 1:26:21]} 12. a4
{[%clk 0:47:06]} Qb6 {[%clk 1:24:06]} 13. Ra3 {[%clk 0:44:36]} Bd7
{[%clk 1:17:36]} 14. dxc6 {[%clk 0:36:02]} Bxc6 {[%clk 1:17:31]} 15. e5
{[%clk 0:33:58]} Nfd7 {[%clk 1:12:21]} 16. exd6 {[%clk 0:32:16]} exd6
{[%clk 1:12:40]} 17. b3 {[%clk 0:26:40]} Rfe8 {[%clk 1:08:44]} 18. Re2
{[%clk 0:23:23]} Ne5 {[%clk 1:04:26]} 19. Nxe5 {[%clk 0:20:57]} dxe5
{[%clk 1:04:50]} 20. Qc2 {[%clk 0:19:26]} Rad8 {[%clk 1:01:32]} 21. Nb1
{[%clk 0:19:06]} e4 {[%clk 0:54:17]} 22. Be3 {[%clk 0:18:43]} f5 {[%clk 0:50:55]}
23. Rd2 {[%clk 0:16:56]} Rxd2 {[%clk 0:45:24]} 24. Qxd2 {[%clk 0:16:56]} Qb4
{[%clk 0:43:43]} 25. Qd6 {[%clk 0:12:20]} Nd3 {[%clk 0:38:41]} 26. c5
{[%clk 0:11:49]} Be5 {[%clk 0:38:28]} 27. Bd2 {[%clk 0:10:42]} Bxd6
{[%clk 0:38:40]} 0-1

[Event "2016 South Wales International"]
[Site "Cardiff"]
[Date "2016.07.07"]
[Round "1"]
[Board "2"]
[White "Petrov, Marian"]
[Black "Davis, Lee"]
[Result "1-0"]
[WhiteElo "2461"]
[BlackElo "1946"]
[PlyCount "0"]
[EventDate "2016.07.07"]
[EventRounds "10"]
[EventCountry "WLS"]

1. e4 {[%clk 1:30:56]} g6 {[%clk 1:30:51]} 2. d4 {[%clk 1:31:17]} d6
{[%clk 1:31:16]} 3. Nc3 {[%clk 1:31:20]} Nf6 {[%clk 1:29:27]} 4. f4
{[%clk 1:31:24]} Bg7 {[%clk 1:29:38]} 5. Nf3 {[%clk 1:31:47]} O-O
{[%clk 1:28:22]} 6. e5 {[%clk 1:28:47]} dxe5 {[%clk 1:24:56]} 7. fxe5
{[%clk 1:28:53]} Nd5 {[%clk 1:24:38]} 8. Bc4 {[%clk 1:28:08]} c6 {[%clk 1:20:15]}
9. O-O {[%clk 1:25:57]} Na6 {[%clk 1:16:52]} 10. Bb3 {[%clk 1:20:51]} Nac7
{[%clk 1:06:56]} 11. Qe1 {[%clk 1:18:22]} Nxc3 {[%clk 1:03:46]} 12. bxc3
{[%clk 1:18:41]} Be6 {[%clk 1:03:55]} 13. Qh4 {[%clk 1:18:47]} Bxb3
{[%clk 1:03:48]} 14. axb3 {[%clk 1:18:43]} Ne6 {[%clk 1:00:12]} 15. Ba3
{[%clk 1:13:03]} Re8 {[%clk 0:53:10]} 16. c4 {[%clk 1:05:20]} f6 {[%clk 0:46:50]}
17. Rad1 {[%clk 1:01:50]} fxe5 {[%clk 0:38:42]} 18. dxe5 {[%clk 0:51:05]} Qb6+
{[%clk 0:33:34]} 19. Kh1 {[%clk 0:50:23]} c5 {[%clk 0:33:57]} 20. Rd7
{[%clk 0:49:44]} Bf8 {[%clk 0:34:14]} 21. Qe4 {[%clk 0:48:29]} Qc6
{[%clk 0:29:46]} 22. Qxc6 {[%clk 0:43:53]} bxc6 {[%clk 0:30:12]} 23. h4
{[%clk 0:40:21]} a5 {[%clk 0:28:21]} 24. Ra1 {[%clk 0:19:39]} Bh6
{[%clk 0:25:58]} 25. Bb2 {[%clk 0:19:20]} Kf8 {[%clk 0:23:24]} 26. Bc3
{[%clk 0:19:01]} Be3 {[%clk 0:21:17]} 27. Rd3 {[%clk 0:14:15]} Bh6
{[%clk 0:18:47]} 28. g3 {[%clk 0:13:36]} Ra6 {[%clk 0:17:47]} 29. Kg2
{[%clk 0:11:18]} Rea8 {[%clk 0:17:55]} 30. Ra4 {[%clk 0:11:38]} Ke8
{[%clk 0:18:06]} 31. Kf2 {[%clk 0:10:25]} g5 {[%clk 0:15:32]} 32. h5
{[%clk 0:06:48]} g4 {[%clk 0:14:59]} 33. Nh2 {[%clk 0:07:08]} Ng5
{[%clk 0:14:50]} 34. Ke2 {[%clk 0:06:52]} Ne4 {[%clk 0:13:41]} 35. Be1
{[%clk 0:06:53]} Bg7 {[%clk 0:13:12]} 36. Nxg4 {[%clk 0:07:09]} Rd8
{[%clk 0:13:22]} 37. Rxd8+ {[%clk 0:04:38]} Kxd8 {[%clk 0:13:47]} 38. Ke3
{[%clk 0:04:35]} Ng5 {[%clk 0:13:58]} 39. Rxa5 {[%clk 0:04:34]} Rxa5
{[%clk 0:14:02]} 40. Bxa5+ {[%clk 0:05:01]} Kd7 {[%clk 0:14:28]} 41. Bb6
{[%clk 0:05:06]} Nf7 {[%clk 0:12:47]} 42. Bxc5 {[%clk 0:04:29]} Nxe5
{[%clk 0:13:10]} 43. Nxe5+ {[%clk 0:04:51]} Bxe5 {[%clk 0:13:37]} 44. g4
{[%clk 0:05:12]} Ke6 {[%clk 0:12:58]} 45. Ke4 {[%clk 0:05:26]} Bc3
{[%clk 0:12:50]} 46. b4 {[%clk 0:05:25]} Bd2 {[%clk 0:12:42]} 47. b5
{[%clk 0:05:47]} cxb5 {[%clk 0:13:09]} 48. cxb5 {[%clk 0:06:12]} Kd7
{[%clk 0:13:28]} 49. c4 {[%clk 0:06:25]} Bc3 {[%clk 0:13:49]} 50. g5
{[%clk 0:06:42]} e6 {[%clk 0:14:05]} 51. Bd4 {[%clk 0:07:01]} Bd2
{[%clk 0:14:20]} 52. g6 1-0

[Event "2016 South Wales International"]
[Site "Cardiff"]
[Date "2016.07.07"]
[Round "1"]
[Board "3"]
[White "James, Dai"]
[Black "Arkell, Keith C"]
[Result "0-1"]
[WhiteElo "1926"]
[BlackElo "2455"]
[PlyCount "0"]
[EventDate "2016.07.07"]
[EventRounds "10"]
[EventCountry "WLS"]

1. f4 {[%clk 1:18:01]} d5 {[%clk 1:30:36]} 2. Nf3 {[%clk 1:17:52]} Bg4
{[%clk 1:31:01]} 3. e3 {[%clk 1:15:24]} Nd7 {[%clk 1:31:24]} 4. Be2
{[%clk 1:14:47]} Ngf6 {[%clk 1:31:13]} 5. O-O {[%clk 1:12:54]} Bxf3
{[%clk 1:31:38]} 6. Bxf3 {[%clk 1:10:17]} e5 {[%clk 1:30:30]} 7. fxe5
{[%clk 1:04:56]} Nxe5 {[%clk 1:30:55]} 8. d4 {[%clk 1:05:06]} Nxf3+
{[%clk 1:30:14]} 9. Qxf3 {[%clk 1:05:24]} Be7 {[%clk 1:30:32]} 10. c4
{[%clk 1:03:20]} c6 {[%clk 1:28:48]} 11. cxd5 {[%clk 1:02:51]} cxd5
{[%clk 1:29:12]} 12. Nc3 {[%clk 1:02:51]} O-O {[%clk 1:29:36]} 13. a4
{[%clk 0:53:43]} Bb4 {[%clk 1:29:49]} 14. Bd2 {[%clk 0:53:27]} Bxc3
{[%clk 1:30:09]} 15. Bxc3 {[%clk 0:53:15]} Qd7 {[%clk 1:30:30]} 16. Qg3
{[%clk 0:47:29]} Ne4 {[%clk 1:30:07]} 17. Qe1 {[%clk 0:43:28]} Rfe8
{[%clk 1:29:15]} 18. a5 {[%clk 0:41:10]} Re6 {[%clk 1:29:19]} 19. Qe2
{[%clk 0:39:07]} Rae8 {[%clk 1:29:37]} 20. Rae1 {[%clk 0:39:33]} g6
{[%clk 1:28:36]} 21. Rf4 {[%clk 0:35:01]} Nxc3 {[%clk 1:26:46]} 22. bxc3
{[%clk 0:35:24]} Qc7 {[%clk 1:27:07]} 23. Qf3 {[%clk 0:33:59]} Qxc3
{[%clk 1:24:57]} 24. Rf1 {[%clk 0:33:42]} Qxe3+ {[%clk 1:24:46]} 25. Qxe3
{[%clk 0:31:15]} Rxe3 {[%clk 1:25:12]} 26. Rxf7 {[%clk 0:31:14]} R3e7
{[%clk 1:25:37]} 27. R7f4 {[%clk 0:29:57]} Rc8 {[%clk 1:25:45]} 28. h4
{[%clk 0:29:26]} Kg7 {[%clk 1:25:50]} 29. h5 {[%clk 0:28:32]} Rc2
{[%clk 1:26:05]} 30. hxg6 {[%clk 0:26:35]} hxg6 {[%clk 1:26:30]} 31. Rb1
{[%clk 0:26:05]} Kh6 {[%clk 1:26:14]} 32. Rb5 {[%clk 0:23:37]} Kg5
{[%clk 1:23:51]} 33. Rf2 {[%clk 0:18:05]} Re1+ {[%clk 1:18:05]} 34. Rf1
{[%clk 0:18:30]} Ree2 {[%clk 1:18:15]} 35. Rxd5+ {[%clk 0:18:25]} Kg4
{[%clk 1:15:38]} 36. Rf6 {[%clk 0:17:55]} Rxg2+ {[%clk 1:16:00]} 37. Kf1
{[%clk 0:15:36]} g5 {[%clk 1:15:41]} 38. Rf7 {[%clk 0:09:20]} Rh2
{[%clk 1:13:31]} 39. Kg1 {[%clk 0:09:18]} Rcg2+ {[%clk 1:13:55]} 40. Kf1
{[%clk 0:09:32]} Rb2 {[%clk 1:14:20]} 41. Kg1 {[%clk 0:07:31]} Rhg2+
{[%clk 1:14:44]} 42. Kf1 {[%clk 0:07:46]} Rgd2 {[%clk 1:14:52]} 43. Re7
{[%clk 0:06:33]} Rd1+ {[%clk 1:12:53]} 44. Re1 {[%clk 0:06:53]} Rxe1+
{[%clk 1:13:18]} 45. Kxe1 {[%clk 0:07:17]} Kf4 {[%clk 1:13:41]} 46. Rd7
{[%clk 0:07:33]} g4 {[%clk 1:13:20]} 47. d5 {[%clk 0:06:55]} Ke5 {[%clk 1:09:51]}
48. Rg7 {[%clk 0:06:14]} a6 {[%clk 1:09:27]} 49. Rxg4 {[%clk 0:04:08]} Kxd5
{[%clk 1:09:50]} 50. Ra4 {[%clk 0:02:29]} Kc5 {[%clk 1:09:48]} 51. Kd1
{[%clk 0:02:22]} Kb5 52. Ra3 Kb4 {[%clk 0:54:16]} 53. Ra1 {[%clk 0:02:45]} Kb3
{[%clk 0:51:46]} 54. Rc1 {[%clk 0:02:29]} Ka2 {[%clk 0:49:46]} 55. Rc4
{[%clk 0:27:36]} Ka3 {[%clk 1:16:55]} 56. Rc1 {[%clk 0:26:49]} Rb4
{[%clk 1:09:24]} 57. Kd2 {[%clk 0:25:18]} Kb2 {[%clk 1:09:35]} 58. Rc7
{[%clk 0:20:45]} Rb5 {[%clk 1:09:16]} 59. Kd3 {[%clk 0:20:39]} Ka3
{[%clk 1:03:05]} 60. Rc1 {[%clk 0:17:59]} Kb2 {[%clk 1:01:51]} 61. Rc7
{[%clk 0:17:49]} Kb3 {[%clk 1:02:17]} 62. Rc1 {[%clk 0:17:50]} Rd5+
{[%clk 1:02:28]} 63. Ke4 {[%clk 0:17:45]} Rd7 {[%clk 0:58:57]} 64. Ra1
{[%clk 0:16:51]} Kb4 {[%clk 0:59:02]} 65. Ke3 {[%clk 0:16:39]} Kc3
{[%clk 0:58:39]} 66. Ra3+ {[%clk 0:16:45]} Kb2 {[%clk 0:59:01]} 67. Ra4
{[%clk 0:17:08]} Rh7 {[%clk 0:58:37]} 68. Kd3 {[%clk 0:15:46]} Rh3+
{[%clk 0:59:01]} 69. Kd2 {[%clk 0:16:11]} Rb3 {[%clk 0:54:41]} 70. Kd1
{[%clk 0:16:21]} Kc3 {[%clk 0:52:16]} 71. Ra1 {[%clk 0:16:17]} Rb4
{[%clk 0:51:09]} 72. Kc1 {[%clk 0:16:07]} Rh4 {[%clk 0:50:51]} 0-1

[Event "2016 South Wales International"]
[Site "Cardiff"]
[Date "2016.07.07"]
[Round "1"]
[Board "4"]
[White "Wells, Peter K"]
[Black "Parry, Matthew"]
[Result "1-0"]
[WhiteElo "2419"]
[BlackElo "1909"]
[PlyCount "0"]
[EventDate "2016.07.07"]
[EventRounds "10"]
[EventCountry "WLS"]

1. Nf3 {[%clk 1:24:26]} d5 {[%clk 1:30:06]} 2. d4 {[%clk 1:23:48]} c6
{[%clk 1:28:26]} 3. c4 {[%clk 1:23:06]} e6 {[%clk 1:28:45]} 4. Nbd2
{[%clk 1:21:08]} dxc4 {[%clk 1:22:11]} 5. Nxc4 {[%clk 1:17:54]} b5
{[%clk 1:19:44]} 6. Nce5 {[%clk 1:16:22]} Bb4+ {[%clk 1:17:45]} 7. Bd2
{[%clk 1:16:33]} Qe7 {[%clk 1:10:43]} 8. g3 {[%clk 1:11:21]} Bb7 {[%clk 1:08:21]}
9. Bg2 {[%clk 1:05:54]} Nf6 {[%clk 1:05:50]} 10. O-O {[%clk 1:02:26]} c5
{[%clk 0:59:38]} 11. a4 {[%clk 0:41:37]} Bxd2 {[%clk 0:38:10]} 12. Qxd2
{[%clk 0:41:34]} O-O {[%clk 0:30:55]} 13. axb5 {[%clk 0:39:44]} cxd4
{[%clk 0:28:00]} 14. Rfc1 {[%clk 0:36:55]} Qd6 {[%clk 0:25:07]} 15. Qxd4
{[%clk 0:33:22]} Qb6 {[%clk 0:22:12]} 16. Qxb6 {[%clk 0:30:04]} axb6
{[%clk 0:22:31]} 17. Rxa8 {[%clk 0:30:30]} Bxa8 {[%clk 0:22:57]} 18. Rc7
{[%clk 0:30:42]} Ne8 {[%clk 0:17:40]} 19. Ra7 {[%clk 0:25:15]} Bxf3
{[%clk 0:17:56]} 20. Bxf3 {[%clk 0:19:42]} Nd6 {[%clk 0:17:20]} 21. Nd7
{[%clk 0:07:59]} Nxb5 {[%clk 0:15:36]} 22. Rb7 {[%clk 0:08:20]} Nxd7
{[%clk 0:15:45]} 23. Rxd7 {[%clk 0:08:44]} e5 {[%clk 0:12:10]} 24. e3
{[%clk 0:08:57]} Rc8 {[%clk 0:12:02]} 25. Bc6 {[%clk 0:08:48]} 1-0

[Event "2016 South Wales International"]
[Site "Cardiff"]
[Date "2016.07.07"]
[Round "1"]
[Board "5"]
[White "Mccarthy, Damian"]
[Black "L'ami, Alina"]
[Result "0-1"]
[WhiteElo "1878"]
[BlackElo "2339"]
[PlyCount "0"]
[EventDate "2016.07.07"]
[EventRounds "10"]
[EventCountry "WLS"]

1. e4 {[%clk 1:30:56]} c5 {[%clk 1:30:56]} 2. Nf3 {[%clk 1:31:09]} d6
{[%clk 1:31:22]} 3. d4 {[%clk 1:31:26]} cxd4 {[%clk 1:31:48]} 4. Nxd4
{[%clk 1:31:50]} Nf6 {[%clk 1:32:15]} 5. Nc3 {[%clk 1:32:07]} a6 {[%clk 1:32:42]}
6. f3 {[%clk 1:31:29]} e5 {[%clk 1:33:05]} 7. Nb3 {[%clk 1:31:45]} Be6
{[%clk 1:33:26]} 8. Be3 {[%clk 1:31:55]} Be7 {[%clk 1:33:45]} 9. Qd2
{[%clk 1:31:58]} O-O {[%clk 1:34:02]} 10. O-O-O {[%clk 1:31:59]} a5
{[%clk 1:32:51]} 11. Bb5 {[%clk 1:29:41]} Na6 {[%clk 1:31:48]} 12. g4
{[%clk 1:26:13]} Nc7 {[%clk 1:28:09]} 13. Qe2 {[%clk 1:11:29]} Qc8
{[%clk 1:08:34]} 14. Bc4 {[%clk 0:58:31]} a4 {[%clk 1:05:04]} 15. Nd2
{[%clk 0:54:53]} a3 {[%clk 0:58:51]} 16. b3 {[%clk 0:52:28]} d5 {[%clk 0:54:51]}
17. g5 {[%clk 0:33:01]} dxc4 {[%clk 0:33:21]} 18. gxf6 {[%clk 0:30:55]} Bb4
{[%clk 0:32:16]} 19. Bh6 {[%clk 0:20:05]} Bxc3 {[%clk 0:26:38]} 20. Bxg7
{[%clk 0:19:37]} Bb2+ {[%clk 0:26:37]} 21. Kb1 {[%clk 0:19:49]} Nb5
{[%clk 0:26:34]} 22. Qe3 {[%clk 0:19:34]} cxb3 {[%clk 0:20:15]} 23. Nxb3
{[%clk 0:16:52]} Nc3+ {[%clk 0:14:48]} 24. Qxc3 {[%clk 0:17:12]} Qxc3
{[%clk 0:14:34]} 25. Rhg1 {[%clk 0:16:56]} h5 {[%clk 0:13:33]} 26. Rd3
{[%clk 0:11:05]} Qxd3 {[%clk 0:10:00]} 27. cxd3 {[%clk 0:11:33]} Bxb3
{[%clk 0:10:06]} 28. axb3 {[%clk 0:10:54]} Bd4 {[%clk 0:09:27]} 29. Rg5
{[%clk 0:09:27]} a2+ {[%clk 0:09:29]} 30. Kc2 {[%clk 0:09:48]} a1=Q
{[%clk 0:09:42]} 0-1

[Event "2016 South Wales International"]
[Site "Cardiff"]
[Date "2016.07.07"]
[Round "1"]
[Board "6"]
[White "Webb, Laurence E"]
[Black "Gosling, Brian G E"]
[Result "1-0"]
[WhiteElo "2286"]
[BlackElo "1842"]
[PlyCount "0"]
[EventDate "2016.07.07"]
[EventRounds "10"]
[EventCountry "WLS"]

1. d4 {[%clk 1:25:03]} Nf6 {[%clk 1:30:33]} 2. c4 {[%clk 1:25:27]} e6
{[%clk 1:30:56]} 3. Nc3 {[%clk 1:25:52]} d5 {[%clk 1:31:11]} 4. cxd5
{[%clk 1:24:27]} exd5 {[%clk 1:31:33]} 5. Bg5 {[%clk 1:24:53]} Be7
{[%clk 1:31:37]} 6. e3 {[%clk 1:25:17]} c6 {[%clk 1:31:14]} 7. Qc2
{[%clk 1:25:19]} h6 {[%clk 1:27:55]} 8. Bh4 {[%clk 1:24:56]} Na6 {[%clk 1:20:17]}
9. Bxa6 {[%clk 1:21:54]} bxa6 {[%clk 1:20:37]} 10. Nf3 {[%clk 1:22:17]} Be6
{[%clk 1:16:31]} 11. O-O {[%clk 1:22:17]} O-O {[%clk 1:16:20]} 12. Na4
{[%clk 1:18:02]} g5 {[%clk 0:59:27]} 13. Bg3 {[%clk 1:14:35]} Qa5
{[%clk 0:55:22]} 14. Ne5 {[%clk 1:11:46]} Rac8 {[%clk 0:52:41]} 15. Rfc1
{[%clk 1:03:54]} c5 {[%clk 0:45:15]} 16. Nxc5 {[%clk 1:00:05]} Bxc5
{[%clk 0:41:08]} 17. dxc5 {[%clk 1:00:11]} Ne4 {[%clk 0:38:57]} 18. c6
{[%clk 0:58:54]} Nxg3 {[%clk 0:26:41]} 19. hxg3 {[%clk 0:58:46]} Rc7
{[%clk 0:23:06]} 20. Qc5 {[%clk 0:56:47]} Qxc5 {[%clk 0:22:37]} 21. Rxc5
{[%clk 0:57:13]} f6 {[%clk 0:22:56]} 22. Nf3 {[%clk 0:57:11]} Rfc8
{[%clk 0:21:48]} 23. Rac1 {[%clk 0:56:55]} Kf7 {[%clk 0:21:03]} 24. Nd4
{[%clk 0:56:59]} Ke7 {[%clk 0:21:19]} 25. R1c3 {[%clk 0:54:09]} Rb8
{[%clk 0:19:12]} 26. Rb3 {[%clk 0:51:19]} Rxb3 {[%clk 0:18:31]} 27. axb3
{[%clk 0:51:30]} Kd6 {[%clk 0:15:43]} 28. Ra5 {[%clk 0:51:10]} Bc8
{[%clk 0:15:50]} 29. b4 {[%clk 0:49:58]} Re7 {[%clk 0:09:32]} 30. b5
{[%clk 0:47:54]} axb5 {[%clk 0:07:03]} 31. Rxa7 {[%clk 0:42:46]} Rxa7
{[%clk 0:05:25]} 32. Nxb5+ {[%clk 0:43:10]} Kc5 {[%clk 0:04:03]} 33. Nxa7
{[%clk 0:43:32]} Bf5 {[%clk 0:04:16]} 34. c7 {[%clk 0:43:43]} 1-0

[Event "2016 South Wales International"]
[Site "Cardiff"]
[Date "2016.07.07"]
[Round "1"]
[Board "7"]
[White "Wagner, Guy"]
[Black "Lauridsen, Jesper Morch"]
[Result "0-1"]
[WhiteElo "1817"]
[BlackElo "2259"]
[PlyCount "0"]
[EventDate "2016.07.07"]
[EventRounds "10"]
[EventCountry "WLS"]

1. f4 {[%clk 1:30:56]} d5 {[%clk 1:30:57]} 2. Nf3 {[%clk 1:31:10]} c5
{[%clk 1:31:21]} 3. g3 {[%clk 1:31:30]} g6 {[%clk 1:31:36]} 4. Bg2
{[%clk 1:31:44]} Bg7 {[%clk 1:32:00]} 5. O-O {[%clk 1:31:56]} Nc6
{[%clk 1:32:21]} 6. d3 {[%clk 1:32:03]} Nh6 {[%clk 1:32:37]} 7. c3
{[%clk 1:31:00]} d4 {[%clk 1:32:33]} 8. e4 {[%clk 1:30:39]} dxe3 {[%clk 1:32:42]}
9. Bxe3 {[%clk 1:30:33]} Bf5 {[%clk 1:31:02]} 10. Bxc5 {[%clk 1:30:09]} Bxd3
{[%clk 1:30:41]} 11. Re1 {[%clk 1:29:51]} Bf5 {[%clk 1:09:39]} 12. Qe2
{[%clk 1:18:05]} O-O {[%clk 1:07:26]} 13. Na3 {[%clk 1:13:52]} Qa5
{[%clk 0:52:48]} 14. Bd4 {[%clk 1:07:51]} Nxd4 {[%clk 0:48:32]} 15. Nxd4
{[%clk 1:07:48]} Qb6 {[%clk 0:44:22]} 16. h3 {[%clk 1:00:27]} Bxd4+
{[%clk 0:33:41]} 17. cxd4 {[%clk 1:00:30]} Be6 {[%clk 0:20:19]} 18. Qf2
{[%clk 0:50:37]} Rad8 {[%clk 0:19:03]} 19. d5 {[%clk 0:39:37]} Qxf2+
{[%clk 0:11:56]} 20. Kxf2 {[%clk 0:39:50]} Bxd5 {[%clk 0:12:14]} 21. Bxd5
{[%clk 0:38:05]} Rxd5 {[%clk 0:12:39]} 22. Rxe7 {[%clk 0:37:54]} Rd2+
{[%clk 0:08:49]} 23. Re2 {[%clk 0:37:39]} Rxe2+ {[%clk 0:09:09]} 24. Kxe2
{[%clk 0:37:59]} Nf5 {[%clk 0:09:30]} 25. g4 {[%clk 0:32:02]} Re8+
{[%clk 0:08:41]} 26. Kd2 {[%clk 0:30:57]} Rd8+ {[%clk 0:07:59]} 27. Kc3
{[%clk 0:29:48]} Ne3 {[%clk 0:07:15]} 28. Re1 {[%clk 0:21:33]} Nd5+
{[%clk 0:07:13]} 29. Kc4 {[%clk 0:21:35]} Nxf4 {[%clk 0:06:44]} 30. Re7
{[%clk 0:21:19]} Nxh3 {[%clk 0:03:36]} 31. Rxb7 {[%clk 0:21:33]} Nf2
{[%clk 0:03:35]} 32. Rxa7 {[%clk 0:18:46]} Nxg4 {[%clk 0:03:43]} 33. Nc2
{[%clk 0:16:52]} Rc8+ {[%clk 0:02:57]} 34. Kd3 {[%clk 0:15:40]} Ne5+
{[%clk 0:03:02]} 35. Kd2 {[%clk 0:14:47]} Nc4+ {[%clk 0:03:19]} 36. Ke2
{[%clk 0:12:32]} Nxb2 {[%clk 0:03:41]} 37. Nd4 {[%clk 0:12:40]} Kg7
{[%clk 0:03:02]} 38. a4 {[%clk 0:13:01]} Rc4 {[%clk 0:01:43]} 39. Ne6+
{[%clk 0:12:27]} Kh6 {[%clk 0:01:46]} 40. Nf8 {[%clk 0:11:26]} Kg7
{[%clk 0:01:10]} 41. Ne6+ {[%clk 0:10:47]} Kf6 {[%clk 0:28:58]} 42. Nd8
{[%clk 0:40:54]} Re4+ {[%clk 0:29:08]} 43. Kf3 {[%clk 0:39:36]} Re7
{[%clk 0:29:04]} 44. Ra6+ {[%clk 0:39:38]} Kg5 {[%clk 0:27:39]} 45. Ra5+
{[%clk 0:38:36]} f5 {[%clk 0:27:38]} 46. Rb5 {[%clk 0:38:26]} Nxa4
{[%clk 0:27:39]} 47. Nc6 {[%clk 0:38:05]} Rc7 {[%clk 0:26:15]} 48. Nd4
{[%clk 0:38:16]} Rc3+ {[%clk 0:26:23]} 49. Kg2 {[%clk 0:38:33]} Rc4
{[%clk 0:24:50]} 50. Nf3+ {[%clk 0:37:46]} Kf4 {[%clk 0:25:05]} 51. Nh4
{[%clk 0:37:16]} Kg4 {[%clk 0:23:32]} 0-1

[Event "2016 South Wales International"]
[Site "Cardiff"]
[Date "2016.07.07"]
[Round "1"]
[Board "8"]
[White "Wallace, Paul"]
[Black "Bridges, Paul"]
[Result "1-0"]
[WhiteElo "2243"]
[BlackElo "1812"]
[PlyCount "0"]
[EventDate "2016.07.07"]
[EventRounds "10"]
[EventCountry "WLS"]

1. e4 {[%clk 1:30:55]} c5 {[%clk 1:31:20]} 2. Nf3 {[%clk 1:31:20]} e6
{[%clk 1:31:15]} 3. d4 {[%clk 1:31:45]} cxd4 {[%clk 1:30:48]} 4. Nxd4
{[%clk 1:32:09]} Nc6 {[%clk 1:30:39]} 5. Be3 {[%clk 1:30:10]} a6 {[%clk 1:29:48]}
6. Bd3 {[%clk 1:24:25]} Nf6 {[%clk 1:27:41]} 7. O-O {[%clk 1:24:12]} Qc7
{[%clk 1:24:20]} 8. Nxc6 {[%clk 1:16:00]} bxc6 {[%clk 1:22:42]} 9. f4
{[%clk 1:16:01]} d6 {[%clk 1:19:46]} 10. c4 {[%clk 1:13:43]} Bb7 {[%clk 1:13:22]}
11. Nc3 {[%clk 1:13:22]} Be7 {[%clk 1:06:18]} 12. Qe2 {[%clk 1:09:58]} O-O
{[%clk 1:02:07]} 13. Rae1 {[%clk 1:06:41]} c5 {[%clk 0:54:24]} 14. Bc1
{[%clk 1:06:34]} Nd7 {[%clk 0:49:19]} 15. e5 {[%clk 1:03:44]} g6 {[%clk 0:42:22]}
16. b3 {[%clk 1:01:54]} Rad8 {[%clk 0:36:17]} 17. Be4 {[%clk 0:49:58]} Bxe4
{[%clk 0:30:56]} 18. exd6 {[%clk 0:50:02]} Qxd6 {[%clk 0:27:17]} 19. Nxe4
{[%clk 0:43:08]} Qd4+ {[%clk 0:19:25]} 20. Nf2 {[%clk 0:43:12]} Qd6
{[%clk 0:17:44]} 21. Ng4 {[%clk 0:38:31]} h5 {[%clk 0:16:19]} 22. Nf2
{[%clk 0:34:33]} Bf6 {[%clk 0:13:47]} 23. Kh1 {[%clk 0:34:26]} Bg7
{[%clk 0:12:24]} 24. Ne4 {[%clk 0:34:41]} Qe7 {[%clk 0:12:01]} 25. Qf2
{[%clk 0:33:18]} Bd4 {[%clk 0:12:06]} 26. Qg3 {[%clk 0:33:22]} Rfe8
{[%clk 0:09:29]} 27. Ng5 {[%clk 0:29:53]} Qf6 {[%clk 0:08:14]} 28. Bd2
{[%clk 0:26:57]} Qf5 {[%clk 0:06:33]} 29. Ba5 {[%clk 0:27:09]} Rc8
{[%clk 0:06:03]} 30. Ne4 {[%clk 0:27:21]} Rc6 {[%clk 0:05:37]} 31. Qf3
{[%clk 0:27:42]} Rec8 {[%clk 0:05:37]} 32. h3 {[%clk 0:25:38]} Nf6
{[%clk 0:04:47]} 33. Ng3 {[%clk 0:25:56]} 1-0

[Event "2016 South Wales International"]
[Site "Cardiff"]
[Date "2016.07.07"]
[Round "1"]
[Board "9"]
[White "Cresswell, Mike J"]
[Black "Nielsen, Lars Aaes"]
[Result "1/2-1/2"]
[WhiteElo "1770"]
[BlackElo "2234"]
[PlyCount "0"]
[EventDate "2016.07.07"]
[EventRounds "10"]
[EventCountry "WLS"]

1. e4 {[%clk 1:30:56]} e6 {[%clk 1:30:55]} 2. d4 {[%clk 1:31:22]} d5
{[%clk 1:31:23]} 3. Nc3 {[%clk 1:31:42]} Bb4 {[%clk 1:31:49]} 4. Qg4
{[%clk 1:30:12]} Nf6 {[%clk 1:32:07]} 5. Qxg7 {[%clk 1:30:12]} Rg8
{[%clk 1:32:31]} 6. Qh6 {[%clk 1:30:22]} Rg6 {[%clk 1:31:42]} 7. Qh4
{[%clk 1:29:44]} dxe4 {[%clk 1:32:03]} 8. Bd2 {[%clk 1:27:38]} Nc6
{[%clk 1:31:11]} 9. Nge2 {[%clk 1:25:52]} Nxd4 {[%clk 1:30:21]} 10. Nxd4
{[%clk 1:26:00]} Qxd4 {[%clk 1:30:45]} 11. O-O-O {[%clk 1:25:27]} Rg4
{[%clk 1:28:57]} 12. Qh6 {[%clk 1:24:42]} Bf8 {[%clk 1:29:02]} 13. Qxf8+
{[%clk 1:20:41]} Kxf8 {[%clk 1:29:01]} 14. Bh6+ {[%clk 1:20:59]} Ke7
{[%clk 1:29:04]} 15. Rxd4 {[%clk 1:21:17]} Bd7 {[%clk 1:28:05]} 16. h3
{[%clk 1:20:20]} Rg6 {[%clk 1:24:10]} 17. Be3 {[%clk 1:19:52]} c5
{[%clk 1:23:47]} 18. Rd2 {[%clk 1:18:35]} b6 {[%clk 1:24:13]} 19. g3
{[%clk 1:15:57]} Bc6 {[%clk 1:24:18]} 20. Bg2 {[%clk 1:15:27]} Rc8
{[%clk 1:20:57]} 21. Rhd1 {[%clk 1:13:48]} Nd5 {[%clk 1:20:07]} 22. Nxd5+
{[%clk 1:04:25]} exd5 {[%clk 1:20:05]} 23. Rxd5 {[%clk 1:01:51]} Bxd5
{[%clk 1:19:56]} 24. Rxd5 {[%clk 1:02:18]} Re6 {[%clk 1:19:57]} 25. h4
{[%clk 1:01:25]} Rd8 {[%clk 1:18:54]} 26. Rxd8 {[%clk 0:59:42]} Kxd8
{[%clk 1:19:20]} 27. Bh3 {[%clk 0:59:07]} Re8 {[%clk 1:17:13]} 28. Bf4
{[%clk 0:55:25]} h5 {[%clk 1:15:59]} 29. Kd2 {[%clk 0:54:23]} Ke7
{[%clk 1:15:57]} 30. Ke3 {[%clk 0:53:43]} Kf6 {[%clk 1:16:01]} 31. Bd7
{[%clk 0:51:40]} Rg8 {[%clk 1:15:40]} 32. Kxe4 {[%clk 0:49:51]} Kg6
{[%clk 1:16:04]} 33. Bf5+ {[%clk 0:48:56]} Kg7 {[%clk 1:16:19]} 34. Kd3
{[%clk 0:43:07]} Rd8+ {[%clk 1:15:14]} 35. Ke2 {[%clk 0:42:53]} Re8+
{[%clk 1:14:42]} 36. Kd2 {[%clk 0:42:09]} Rd8+ {[%clk 1:14:30]} 37. Ke2
{[%clk 0:42:21]} Re8+ {[%clk 1:14:55]} 38. Kd2 {[%clk 0:42:24]} Rd8+
{[%clk 1:15:20]} 1/2-1/2